Statistiques concernant QA #08 - Chants de Noël par paroles - Clic Quiz

Cliquez ici pour prendre le quiz!

Statistiques générales

  • Ce quiz a été pris 324 fois
  • Le résultat moyen est 9 sur 15

Statistiques - réponses

HintRéponse% Correct
Roi des forêtsMon beau sapin
94%
Qui s'en va sifflant, soufflantVive le vent
87%
Rouge comme un lumignonLe petit renne au nez rouge
70%
Jouez hautbois, résonnez musettes!Il est né le divin enfant
69%
Ils étaient sous le guiJ'ai vu Maman embrasser le Père Noël
60%
Dans les cieux! L'astre luit.Douce nuit, sainte nuit
56%
Ce petit bonhomme au chapeau pointu?L'as-tu vu?
56%
Au petit trot s'en va le cheval avec ses grelotsPromenade en traîneau
54%
C'est l'heure solennelleMinuit, chrétiens
50%
Ont entonné l'hymne des CieuxLes Anges dans nos campagnes
47%
Il est l'heure d'aller se coucherPetit Garçon
45%
Pays merveilleux où ceux qui s'aimentQuand te reverrai-je?
45%
Oh, quand j'entends chanter Noël!Noël blanc
43%
Mon cœur amoureuxEtoile des neiges
40%
Le hibou voudrait la LuneNoël en forêt
40%

Distribution des résultats

Percentile par nombre de réponses

% des personnes avec chaque résultat

Votre développement - résultats

Vous n’avez pas pris ce quiz